[Event "I Magistral Femenino Diez Reinas 2010"]
[Site "Buenos Aires ARG"]
[Date "2010.08.19"]
[Round "1.1"]
[White "Maggiolo, Elisa"]
[Black "Carraro, Denise"]
[Result "1-0"]
[WhiteElo "2052"]
[BlackElo "2100"]
[PlyCount "107"]
[EventDate "2010.08.19"]
[EventType "tourn"]
[EventRounds "9"]
[EventCountry "ARG"]
[Source "lmi"]
[SourceDate "2010.08.19"]

1. e4 e6 2. d3 c5 3. g3 Nc6 4. Bg2 g6 5. f4 Bg7 6. Nf3 Nge7 7. O-O d5 8. Nbd2
b5 9. g4 dxe4 10. dxe4 e5 11. f5 h5 12. h3 hxg4 13. hxg4 gxf5 14. exf5 Bb7 15.
f6 Bxf6 16. Ne4 Nc8 17. Nxf6+ Qxf6 18. Ng5 Qh6 19. Rxf7 Nd6 20. Qd5 O-O-O 21.
Rf2 Nc4 22. Qe6+ Qxe6 23. Nxe6 Rd1+ 24. Rf1 Rxf1+ 25. Kxf1 Nd4 26. Nxc5 Rf8+
27. Kg1 Ne2+ 28. Kh2 Rh8+ 29. Bh3 Bf3 30. Nd3 e4 31. g5+ Kd8 32. Nf4 Nxf4 33.
Bxf4 Bg4 34. Kg3 Bxh3 35. Rh1 e3 36. b3 Na3 37. Bxe3 Nxc2 38. Bd2 Ke7 39. Rxh3
Rd8 40. Bc3 Ke6 41. Kg4 b4 42. Rh6+ Kd5 43. Bf6 Rg8 44. g6 Ke4 45. g7 Ne3+ 46.
Kg5 Nf5 47. Rh8 Rxg7+ 48. Bxg7 Nxg7 49. Kf6 Nf5 50. Re8+ Kf4 51. Ra8 Ne3 52.
Rxa7 Nd5+ 53. Ke6 Nc3 54. Ra4 1-0

[Event "I Magistral Femenino Diez Reinas 2010"]
[Site "Buenos Aires ARG"]
[Date "2010.08.19"]
[Round "1.2"]
[White "Plazaola, Maria de los Angele"]
[Black "Fernandez, Maria Florencia"]
[Result "1-0"]
[WhiteElo "2185"]
[BlackElo "2106"]
[PlyCount "91"]
[EventDate "2010.08.19"]
[EventType "tourn"]
[EventRounds "9"]
[EventCountry "ARG"]
[Source "lmi"]
[SourceDate "2010.08.19"]

1. e4 c5 2. c3 d5 3. exd5 Qxd5 4. d4 Nf6 5. Nf3 Bg4 6. Nbd2 cxd4 7. Bc4 Qd6 8.
Qb3 Be6 9. Qxb7 Bd5 10. Qc8+ Qd8 11. Qxd8+ Kxd8 12. Bxd5 Nxd5 13. Nxd4 e5 14.
N4f3 f6 15. O-O Nf4 16. Rd1 Kc7 17. Nc4 Ne2+ 18. Kf1 Nxc1 19. Raxc1 Nc6 20. Ne3
Bc5 21. Nd5+ Kb7 22. b4 Bb6 23. a4 Rad8 24. c4 Nd4 25. a5 Nxf3 26. axb6 Nd4 27.
bxa7 Kxa7 28. Rd3 Kb7 29. b5 Rhe8 30. Rg3 Ne6 31. h4 Rf8 32. Ke1 f5 33. Nb4 f4
34. Ra3 Nc5 35. Rca1 Ra8 36. Rxa8 Rxa8 37. Rxa8 Kxa8 38. Ke2 e4 39. Nd5 Ne6 40.
Nc3 Nd4+ 41. Kd2 Nf5 42. Nxe4 Nxh4 43. c5 Nf5 44. Kd3 h5 45. Nd6 f3 46. g3 1-0

[Event "I Magistral Femenino Diez Reinas 2010"]
[Site "Buenos Aires ARG"]
[Date "2010.08.19"]
[Round "1.3"]
[White "Zuriel, Marisa"]
[Black "Leone, Juliana"]
[Result "1-0"]
[WhiteElo "2205"]
[BlackElo "2096"]
[PlyCount "79"]
[EventDate "2010.08.19"]
[EventType "tourn"]
[EventRounds "9"]
[EventCountry "ARG"]
[Source "lmi"]
[SourceDate "2010.08.19"]

1. e4 e6 2. d4 d5 3. Nc3 Nc6 4. Nf3 Nf6 5. e5 Ne4 6. Bd3 Bb4 7. Bd2 Nxd2 8.
Qxd2 Bd7 9. a3 Be7 10. h4 O-O 11. O-O-O f6 12. Rde1 a6 13. Kb1 b5 14. exf6 Rxf6
15. Ng5 h6 16. Nh7 Nxd4 17. Nxf6+ Bxf6 18. Bg6 c5 19. Ne2 Nxe2 20. Rxe2 Qb6 21.
g4 b4 22. axb4 a5 23. g5 axb4 24. Bh7+ Kf8 25. gxf6 Qa6 26. fxg7+ Ke7 27. g8=N+
Kd8 28. c3 b3 29. Kc1 d4 30. Rd1 Bb5 31. Re5 Qa1+ 32. Bb1 Ra2 33. Re3 e5 34.
cxd4 cxd4 35. Rxb3 Bc4 36. Qc2 Bxb3 37. Qxb3 Ra7 38. Qb8+ Kd7 39. Qb5+ Kc8 40.
Qe8+ 1-0

[Event "I Magistral Femenino Diez Reinas 2010"]
[Site "Buenos Aires ARG"]
[Date "2010.08.19"]
[Round "1.4"]
[White "Amed, Stephanie"]
[Black "Nejanky, Maisa"]
[Result "1/2-1/2"]
[WhiteElo "2208"]
[BlackElo "2057"]
[PlyCount "185"]
[EventDate "2010.08.19"]
[EventType "tourn"]
[EventRounds "9"]
[EventCountry "ARG"]
[Source "lmi"]
[SourceDate "2010.08.19"]

1. Nf3 c5 2. c4 Nc6 3. g3 g6 4. Bg2 Bg7 5. O-O Nf6 6. d4 cxd4 7. Nxd4 Qb6 8.
Nc2 Na5 9. Nba3 d6 10. Be3 Qc7 11. Nb5 Qb8 12. b3 a6 13. Nc3 Bd7 14. Bb6 Nc6
15. Nd5 Nxd5 16. cxd5 Na7 17. Rc1 Nc8 18. Bd4 O-O 19. Ne3 e5 20. dxe6 fxe6 21.
Bxg7 Kxg7 22. Qd4+ e5 23. Qc3 Ra7 24. f4 b5 25. fxe5 Rxf1+ 26. Rxf1 dxe5 27.
Nd5 Be6 28. Nf4 Bf7 29. Rc1 Nb6 30. Nd3 Re7 31. Qc5 Re6 32. Bh3 Re8 33. Nb4 Qb7
34. Bg2 e4 35. Qd4+ Kg8 36. Rc6 Nd5 37. Nxd5 Qxc6 38. Nf6+ Kf8 39. Nxe8 Kxe8
40. Bxe4 Qc7 41. Bd3 Qa5 42. a4 bxa4 43. Qxa4+ Qxa4 44. bxa4 a5 45. Kf2 Bb3 46.
Bb5+ Ke7 47. Ke3 Ke6 48. Kd4 Kd6 49. e4 Bd1 50. h4 h6 51. Be8 g5 52. e5+ Ke6
53. Bb5 Bc2 54. Bc4+ Ke7 55. hxg5 hxg5 56. Kc5 Bxa4 57. Kb6 Bd7 58. Kxa5 Be6
59. Kb4 Bf5 60. Kc5 Bg4 61. Kd4 Bf5 62. Bd5 Kd7 63. Ke3 Ke7 64. Kf3 Bd7 65. Bg8
Bf5 66. Bb3 Bd7 67. Bc2 Ke6 68. Ke4 Bc6+ 69. Kd4 Bf3 70. Bh7 Bc6 71. Bg8+ Ke7
72. Kc5 Bd7 73. Kd5 Ba4 74. Kd4 Bc6 75. Kc5 Bf3 76. Kd4 Kf8 77. Bh7 Ke7 78. Ke3
Bg4 79. Ke4 Ke6 80. Bg6 Ke7 81. Bf5 Bd1 82. Ke3 Bb3 83. Kd4 Ba2 84. Bg4 Bb3 85.
Be2 Ba2 86. Bg4 Bb3 87. Be2 Ke6 88. Ba6 Ke7 89. Ke4 Be6 90. Bb7 Bg4 91. Bd5 Kd7
92. Bb3 Ke7 93. Ba4 1/2-1/2

[Event "I Magistral Femenino Diez Reinas 2010"]
[Site "Buenos Aires ARG"]
[Date "2010.08.19"]
[Round "1.5"]
[White "Malajovich, Sandra"]
[Black "Justo, Virginia"]
[Result "1-0"]
[WhiteElo "2098"]
[BlackElo "2110"]
[PlyCount "149"]
[EventDate "2010.08.19"]
[EventType "tourn"]
[EventRounds "9"]
[EventCountry "ARG"]
[Source "lmi"]
[SourceDate "2010.08.19"]

1. d4 d5 2. c4 e6 3. cxd5 exd5 4. Nc3 Nf6 5. Bg5 Be7 6. e3 O-O 7. Bd3 h6 8. Bf4
c6 9. h3 Nbd7 10. Nf3 Nb6 11. Qc2 Be6 12. Ne5 Nfd7 13. Bh7+ Kh8 14. Bf5 Nxe5
15. Bxe6 Nec4 16. Bg4 Bd6 17. Bxd6 Nxd6 18. Bf3 Qe7 19. O-O g6 20. e4 dxe4 21.
Nxe4 Nxe4 22. Bxe4 Rad8 23. Rfe1 Qf6 24. Qd2 Kg7 25. Rad1 Rfe8 26. Qa5 Nc8 27.
Qc5 Qd6 28. Qc3 Qf6 29. Qc5 Qd6 30. Qc3 Qf6 31. b4 Nd6 32. Bd3 Rxe1+ 33. Rxe1
Nc8 34. Re5 Nb6 35. Bc4 Nxc4 36. Qxc4 Qf4 37. Re7 Rxd4 38. Rxf7+ Qxf7 39. Qxd4+
Qf6 40. Qxa7 Qa1+ 41. Kh2 Qe5+ 42. g3 Qe7 43. Qc5 Qf7 44. a4 h5 45. h4 Kh7 46.
a5 Qd7 47. Qa7 Qg7 48. Kg2 Kh6 49. Qc5 Qd7 50. Kh2 Kh7 51. Qf8 Qc7 52. Qf6 Qd7
53. Qe5 Qf7 54. Qd4 Qe7 55. Kg2 Qf7 56. Qa7 Kg7 57. Qd4+ Kh7 58. Kf1 Qe7 59. f3
Qf7 60. Ke2 Qe6+ 61. Qe4 Qa2+ 62. Ke3 Qf7 63. Kd4 Qg7+ 64. Kc5 Qd7 65. f4 Qg7
66. Qe5 Qf8+ 67. Qd6 Qf5+ 68. Kb6 Qb5+ 69. Ka7 Qa6+ 70. Kb8 Kh6 71. Qf8+ Kh7
72. Qe7+ Kh6 73. Qxb7 Qc4 74. a6 Qg8+ 75. Kc7 1-0

[Event "I Magistral Femenino Diez Reinas 2010"]
[Site "Buenos Aires ARG"]
[Date "2010.08.20"]
[Round "2.1"]
[White "Carraro, Denise"]
[Black "Justo, Virginia"]
[Result "1-0"]
[WhiteElo "2100"]
[BlackElo "2110"]
[PlyCount "59"]
[EventDate "2010.08.19"]
[EventType "tourn"]
[EventRounds "9"]
[EventCountry "ARG"]
[Source "lmi"]
[SourceDate "2010.08.19"]

1. e4 c5 2. Nf3 e6 3. d3 Nc6 4. g3 d6 5. Bg2 Nf6 6. O-O Be7 7. Nc3 a6 8. h3 O-O
9. Be3 Qc7 10. d4 cxd4 11. Nxd4 Rb8 12. f4 Re8 13. Qf3 Bd7 14. g4 Nxd4 15. Bxd4
Bc6 16. g5 Nd7 17. f5 e5 18. Be3 Bf8 19. f6 Nc5 20. Rf2 b5 21. Raf1 Rb7 22.
Bxc5 dxc5 23. Nd5 Bxd5 24. exd5 Bd6 25. fxg7 e4 26. Qh5 c4 27. Rxf7 Qxf7 28.
Rxf7 Rxf7 29. g6 Bc5+ 30. Kh1 1-0

[Event "I Magistral Femenino Diez Reinas 2010"]
[Site "Buenos Aires ARG"]
[Date "2010.08.20"]
[Round "2.2"]
[White "Nejanky, Maisa"]
[Black "Malajovich, Sandra"]
[Result "1-0"]
[WhiteElo "2057"]
[BlackElo "2098"]
[PlyCount "113"]
[EventDate "2010.08.19"]
[EventType "tourn"]
[EventRounds "9"]
[EventCountry "ARG"]
[Source "lmi"]
[SourceDate "2010.08.19"]

1. e4 d5 2. exd5 Qxd5 3. Nc3 Qd6 4. d4 Nf6 5. Nf3 c6 6. Bg5 Bf5 7. Bd3 Bxd3 8.
Qxd3 Nbd7 9. O-O-O e6 10. Rhe1 Be7 11. Bh4 Qc7 12. Ne5 Nxe5 13. dxe5 Nd5 14.
Bxe7 Qxe7 15. Ne4 O-O-O 16. Qg3 g6 17. c4 Nb6 18. Nd6+ Kb8 19. Rd3 Nc8 20. c5
Rd7 21. Red1 Nxd6 22. cxd6 Qd8 23. Rf3 Rf8 24. Rf6 Qa5 25. Kb1 Qa4 26. Re1 Qb4
27. Qe3 Qh4 28. Qf4 Qxf4 29. Rxf4 f5 30. h4 h6 31. Rh1 Rh8 32. Rf3 Rg7 33. Rd3
Rd8 34. Kc2 c5 35. Rc3 b6 36. Kd2 Kb7 37. a3 a6 38. Rhc1 a5 39. b4 axb4 40.
axb4 Rc8 41. bxc5 Rxc5 42. Rxc5 bxc5 43. Rxc5 g5 44. hxg5 hxg5 45. Ke3 Rh7 46.
g3 Rg7 47. Kd4 Rf7 48. Rb5+ Kc6 49. Rb8 Ra7 50. Re8 Ra2 51. f4 Ra4+ 52. Ke3
Ra3+ 53. Kf2 Ra2+ 54. Kg1 g4 55. Rxe6 Kd5 56. d7 Ke4 57. d8=Q 1-0

[Event "I Magistral Femenino Diez Reinas 2010"]
[Site "Buenos Aires ARG"]
[Date "2010.08.20"]
[Round "2.3"]
[White "Leone, Juliana"]
[Black "Amed, Stephanie"]
[Result "1/2-1/2"]
[WhiteElo "2096"]
[BlackElo "2208"]
[PlyCount "49"]
[EventDate "2010.08.19"]
[EventType "tourn"]
[EventRounds "9"]
[EventCountry "ARG"]
[Source "lmi"]
[SourceDate "2010.08.19"]

1. e4 e6 2. d4 d5 3. Nd2 c5 4. exd5 Qxd5 5. Ngf3 cxd4 6. Bc4 Qd6 7. O-O Nf6 8.
Nb3 Nc6 9. Nfxd4 Nxd4 10. Nxd4 a6 11. Re1 Qc7 12. Qe2 Bd6 13. Bg5 O-O 14. Bxf6
gxf6 15. Qg4+ Kh8 16. Qh4 Be7 17. Nf5 exf5 18. Re3 Rg8 19. Bxf7 Rg7 20. Qxf6
Be6 21. Qxe6 Bf8 22. Bh5 Qxc2 23. Re2 Qd3 24. Re3 Qc2 25. Re2 1/2-1/2

[Event "I Magistral Femenino Diez Reinas 2010"]
[Site "Buenos Aires ARG"]
[Date "2010.08.20"]
[Round "2.4"]
[White "Fernandez, Maria Florencia"]
[Black "Zuriel, Marisa"]
[Result "0-1"]
[WhiteElo "2106"]
[BlackElo "2205"]
[PlyCount "70"]
[EventDate "2010.08.19"]
[EventType "tourn"]
[EventRounds "9"]
[EventCountry "ARG"]
[Source "lmi"]
[SourceDate "2010.08.19"]

1. d4 g6 2. c4 Bg7 3. Nc3 c5 4. d5 Bxc3+ 5. bxc3 f5 6. e4 fxe4 7. f3 Nf6 8. Bg5
Qa5 9. Qc2 d6 10. fxe4 Nxe4 11. Bh6 Nf6 12. Bd3 Ng4 13. Bf4 O-O 14. Ne2 Bf5 15.
h3 Bxd3 16. Qxd3 Nf6 17. Bh6 Rf7 18. Nf4 Nbd7 19. O-O Ne5 20. Qc2 Qa6 21. Rae1
Qxc4 22. Rxe5 dxe5 23. Nxg6 Qe4 24. Nxe7+ Rxe7 25. Qf2 Rf7 26. d6 Qg6 27. Qh4
Rd8 28. Rf3 Kh8 29. Rg3 Qb1+ 30. Kh2 Rg8 31. d7 Nxd7 32. Qc4 Qf5 33. Bg5 Rxg5
34. Rxg5 Qxg5 35. Qxf7 Qf4+ 0-1

[Event "I Magistral Femenino Diez Reinas 2010"]
[Site "Buenos Aires ARG"]
[Date "2010.08.20"]
[Round "2.5"]
[White "Maggiolo, Elisa"]
[Black "Plazaola, Maria de los Angele"]
[Result "1-0"]
[WhiteElo "2052"]
[BlackElo "2185"]
[PlyCount "91"]
[EventDate "2010.08.19"]
[EventType "tourn"]
[EventRounds "9"]
[EventCountry "ARG"]
[Source "lmi"]
[SourceDate "2010.08.19"]

1. e4 c5 2. Nc3 a6 3. g3 b5 4. Bg2 Bb7 5. d3 e6 6. Nh3 b4 7. Nb1 d5 8. Nd2 Nf6
9. O-O Be7 10. exd5 exd5 11. d4 O-O 12. dxc5 Bxc5 13. Nb3 Bb6 14. Nd4 Nc6 15.
Nf5 Qd7 16. Ne3 Rfd8 17. Nf4 Ne5 18. Nh5 d4 19. Nxf6+ gxf6 20. Ng4 Nxg4 21.
Bxb7 Qxb7 22. Qxg4+ Kh8 23. Re1 Rg8 24. Qf5 Rg6 25. Re4 Rag8 26. Bd2 a5 27.
Rae1 Qc8 28. Qh5 Qc5 29. Qxc5 Bxc5 30. Re8 Bb6 31. Kf1 f5 32. Bf4 Rc6 33. R1e2
Kg7 34. Rxg8+ Kxg8 35. Ke1 Kg7 36. Kd2 Kg6 37. Kd3 f6 38. Re7 Bc5 39. Rc7 Rxc7
40. Bxc7 Kg5 41. Kc4 Ba7 42. f3 f4 43. Bxf4+ Kf5 44. Kb5 Ke6 45. Kxa5 Bc5 46.
Bd2 1-0

[Event "I Magistral Femenino Diez Reinas 2010"]
[Site "Buenos Aires ARG"]
[Date "2010.08.21"]
[Round "3.1"]
[White "Plazaola, Maria de los Angele"]
[Black "Carraro, Denise"]
[Result "1-0"]
[WhiteElo "2185"]
[BlackElo "2100"]
[PlyCount "93"]
[EventDate "2010.08.19"]
[EventType "tourn"]
[EventRounds "9"]
[EventCountry "ARG"]
[Source "lmi"]
[SourceDate "2010.08.19"]

1. e4 g6 2. d4 Bg7 3. Nc3 d6 4. f4 a6 5. Nf3 b5 6. a3 Bb7 7. Bd3 Nd7 8. O-O e6
9. f5 e5 10. Bg5 Bf6 11. Bxf6 Ngxf6 12. dxe5 dxe5 13. Qe2 Qe7 14. Kh1 O-O 15.
Qf2 c5 16. Qh4 Rad8 17. Ng5 Kg7 18. Rad1 h6 19. Nf3 c4 20. Be2 Nc5 21. Nd5 Nxd5
22. exd5 Qxh4 23. Nxh4 e4 24. Kg1 Nd7 25. g3 Nf6 26. fxg6 fxg6 27. d6 Rf7 28.
Ng2 Ne8 29. Nf4 Rf6 30. d7 Nc7 31. Bg4 Kf7 32. b3 c3 33. Rfe1 a5 34. Bh3 h5 35.
Rd4 h4 36. Re3 hxg3 37. hxg3 g5 38. Rxc3 Bc6 39. Ne2 Nd5 40. Rxc6 Rxc6 41. Rxd5
Ke7 42. Nd4 Rg6 43. Re5+ Kd6 44. Rxb5 Kc7 45. Ne6+ Kxd7 46. Rd5+ Ke7 47. Nxd8
1-0

[Event "I Magistral Femenino Diez Reinas 2010"]
[Site "Buenos Aires ARG"]
[Date "2010.08.21"]
[Round "3.2"]
[White "Zuriel, Marisa"]
[Black "Maggiolo, Elisa"]
[Result "1-0"]
[WhiteElo "2205"]
[BlackElo "2052"]
[PlyCount "87"]
[EventDate "2010.08.19"]
[EventType "tourn"]
[EventRounds "9"]
[EventCountry "ARG"]
[Source "lmi"]
[SourceDate "2010.08.19"]

1. e4 c5 2. Nf3 Nc6 3. d4 cxd4 4. Nxd4 Nf6 5. Nc3 e5 6. Ndb5 d6 7. Bg5 a6 8.
Na3 b5 9. Nd5 Be7 10. Bxf6 Bxf6 11. c3 Ne7 12. Nxf6+ gxf6 13. Bd3 d5 14. Qe2
Qb6 15. exd5 Nxd5 16. Be4 Be6 17. O-O-O Qc5 18. Qf3 Rd8 19. Bxd5 Rxd5 20. Qxf6
O-O 21. Rxd5 Qxd5 22. Qg5+ Kh8 23. Rd1 Qe4 24. f3 Qe2 25. Qf6+ Kg8 26. Nc2 Bxa2
27. Re1 Qd3 28. Rxe5 Rd8 29. Qg5+ Kh8 30. Qf6+ Kg8 31. Rg5+ Kf8 32. Qg7+ Ke7
33. Qe5+ Kf8 34. Qg7+ Ke7 35. Qe5+ Kf8 36. Qg7+ Ke7 37. Re5+ Be6 38. Nd4 Ke8
39. Qf6 Qc4 40. Re1 Qd3 41. Qe5 b4 42. Rd1 Qc4 43. Qh8+ Ke7 44. Nc6+ 1-0

[Event "I Magistral Femenino Diez Reinas 2010"]
[Site "Buenos Aires ARG"]
[Date "2010.08.21"]
[Round "3.3"]
[White "Amed, Stephanie"]
[Black "Fernandez, Maria Florencia"]
[Result "1/2-1/2"]
[WhiteElo "2208"]
[BlackElo "2106"]
[PlyCount "21"]
[EventDate "2010.08.19"]
[EventType "tourn"]
[EventRounds "9"]
[EventCountry "ARG"]
[Source "lmi"]
[SourceDate "2010.08.19"]

1. c4 c5 2. Nc3 Nc6 3. g3 g6 4. Bg2 Bg7 5. e3 d6 6. Nge2 Nf6 7. O-O O-O 8. b3
Rb8 9. Bb2 Qd7 10. Rb1 b6 11. d4 1/2-1/2

[Event "I Magistral Femenino Diez Reinas 2010"]
[Site "Buenos Aires ARG"]
[Date "2010.08.21"]
[Round "3.4"]
[White "Malajovich, Sandra"]
[Black "Leone, Juliana"]
[Result "1-0"]
[WhiteElo "2098"]
[BlackElo "2096"]
[PlyCount "63"]
[EventDate "2010.08.19"]
[EventType "tourn"]
[EventRounds "9"]
[EventCountry "ARG"]
[Source "lmi"]
[SourceDate "2010.08.19"]

1. Nf3 Nf6 2. g3 b6 3. Bg2 Bb7 4. O-O e6 5. c4 Be7 6. b3 O-O 7. Bb2 d6 8. d4
Nbd7 9. Nc3 Ne4 10. Nxe4 Bxe4 11. d5 Bxf3 12. Bxf3 e5 13. Bg2 f5 14. Qc2 a5 15.
Bh3 g6 16. e4 f4 17. a3 Bg5 18. b4 Kg7 19. Rae1 Qe7 20. f3 Nf6 21. c5 bxc5 22.
bxc5 fxg3 23. hxg3 Nh5 24. Qh2 Rab8 25. Re2 Rb3 26. Bg4 Nf6 27. Be6 Be3+ 28.
Rxe3 Rxe3 29. Bc1 Ng4 30. Bxg4 Qg5 31. Qd2 Rexf3 32. Rxf3 1-0

[Event "I Magistral Femenino Diez Reinas 2010"]
[Site "Buenos Aires ARG"]
[Date "2010.08.21"]
[Round "3.5"]
[White "Justo, Virginia"]
[Black "Nejanky, Maisa"]
[Result "1/2-1/2"]
[WhiteElo "2110"]
[BlackElo "2057"]
[PlyCount "140"]
[EventDate "2010.08.19"]
[EventType "tourn"]
[EventRounds "9"]
[EventCountry "ARG"]
[Source "lmi"]
[SourceDate "2010.08.19"]

1. e4 c5 2. Nf3 d6 3. d4 Nf6 4. Nc3 cxd4 5. Nxd4 Nc6 6. Be2 g6 7. Be3 Bg7 8.
Nb3 Be6 9. O-O O-O 10. f4 Qc8 11. Kh1 a5 12. a4 Nb4 13. Bf3 Ra6 14. Nd4 Bg4 15.
Rc1 Bxf3 16. Qxf3 Qg4 17. Ndb5 Qxf3 18. Rxf3 Rc6 19. Bd4 Nd7 20. Nd5 Nxd5 21.
exd5 Rc4 22. Bxg7 Kxg7 23. b3 Re4 24. c4 Nc5 25. Kg1 h6 26. Kf1 g5 27. fxg5
hxg5 28. Re1 Rxe1+ 29. Kxe1 Rh8 30. h3 Rh4 31. Re3 Kf6 32. Ke2 g4 33. hxg4 Rxg4
34. Kf3 Rh4 35. g3 Rh1 36. Kg4 Rb1 37. Nd4 e6 38. dxe6 fxe6 39. Nb5 Ke7 40. Nd4
Kd7 41. Rf3 e5 42. Nb5 Rxb3 43. Rf7+ Ke6 44. Rh7 Rd3 45. Nc7+ Kf6 46. Nd5+ Kg6
47. Rh8 Rd4+ 48. Kf3 Rxc4 49. Rd8 e4+ 50. Ke2 Rxa4 51. Rxd6+ Kf5 52. Ne3+ Ke5
53. Rd5+ Ke6 54. Rxc5 Ra2+ 55. Ke1 Ra1+ 56. Ke2 Ra2+ 57. Ke1 Ra1+ 58. Kd2 Rg1
59. g4 a4 60. Ra5 Ra1 61. Kc3 Kd6 62. Kb4 Kc6 63. Rxa4 Re1 64. Ra3 Kd6 65. g5
Ke5 66. Nc4+ Kf4 67. g6 Rg1 68. Ra7 e3 69. Nxe3 Kxe3 70. Kc5 Rxg6 1/2-1/2

[Event "I Magistral Femenino Diez Reinas 2010"]
[Site "Buenos Aires ARG"]
[Date "2010.08.23"]
[Round "4.1"]
[White "Carraro, Denise"]
[Black "Nejanky, Maisa"]
[Result "1-0"]
[WhiteElo "2100"]
[BlackElo "2057"]
[PlyCount "65"]
[EventDate "2010.08.19"]
[EventType "tourn"]
[EventRounds "9"]
[EventCountry "ARG"]
[Source "lmi"]
[SourceDate "2010.08.19"]

1. e4 c5 2. Nf3 d6 3. d4 cxd4 4. Nxd4 Nf6 5. Nc3 Nc6 6. Bg5 e6 7. Qd2 a6 8.
O-O-O Bd7 9. f3 b5 10. Nxc6 Bxc6 11. Ne2 Be7 12. Nd4 Bb7 13. Bd3 h6 14. Be3 Nd7
15. g4 Ne5 16. h4 d5 17. g5 dxe4 18. Bxe4 Bxe4 19. fxe4 h5 20. Qf2 Qa5 21. Rhf1
Qxa2 22. Nc6 Qa1+ 23. Kd2 Qxb2 24. Nxe5 O-O-O+ 25. Nd3 f5 26. exf5 Rhf8 27. Ke2
Qa2 28. Qg2 Qc4 29. Qa8+ Kd7 30. fxe6+ Ke8 31. Rxf8+ Kxf8 32. Qf3+ Kg8 33. Qf7+
1-0

[Event "I Magistral Femenino Diez Reinas 2010"]
[Site "Buenos Aires ARG"]
[Date "2010.08.23"]
[Round "4.2"]
[White "Leone, Juliana"]
[Black "Justo, Virginia"]
[Result "0-1"]
[WhiteElo "2096"]
[BlackElo "2110"]
[PlyCount "68"]
[EventDate "2010.08.19"]
[EventType "tourn"]
[EventRounds "9"]
[EventCountry "ARG"]
[Source "lmi"]
[SourceDate "2010.08.19"]

1. e4 c5 2. Nf3 e6 3. b3 d6 4. Bb2 Nf6 5. e5 dxe5 6. Nxe5 a6 7. Bd3 Be7 8. f4
Nbd7 9. Qf3 Qc7 10. O-O O-O 11. a4 Re8 12. Na3 b6 13. Rae1 Bb7 14. Qh3 Nf8 15.
Ng4 Nxg4 16. Qxg4 Ng6 17. f5 exf5 18. Qxf5 Bd6 19. h4 Bh2+ 20. Kh1 Bxg2+ 21.
Kxg2 Nxh4+ 22. Kh1 Nxf5 23. Bxf5 Bg3 24. Re3 Rxe3 25. dxe3 Qc6+ 26. e4 Qh6+ 27.
Kg2 Qh2+ 28. Kf3 Be5 29. Bxe5 Qxe5 30. Nc4 Qc3+ 31. Ne3 g6 32. Bh3 Re8 33. Rg1
Qd4 34. Rg4 h5 0-1

[Event "I Magistral Femenino Diez Reinas 2010"]
[Site "Buenos Aires ARG"]
[Date "2010.08.23"]
[Round "4.3"]
[White "Fernandez, Maria Florencia"]
[Black "Malajovich, Sandra"]
[Result "1/2-1/2"]
[WhiteElo "2106"]
[BlackElo "2098"]
[PlyCount "147"]
[EventDate "2010.08.19"]
[EventType "tourn"]
[EventRounds "9"]
[EventCountry "ARG"]
[Source "lmi"]
[SourceDate "2010.08.19"]

1. d4 Nf6 2. c4 g6 3. Nc3 d5 4. Nf3 Bg7 5. Bg5 c6 6. cxd5 cxd5 7. Qb3 O-O 8. e3
e6 9. Bd3 Qb6 10. Qc2 Nc6 11. a3 Na5 12. b4 Nc4 13. Bxc4 dxc4 14. O-O Nd5 15.
Rfc1 Bd7 16. Ne5 Qc7 17. Qe4 Bc6 18. Nxc6 Qxc6 19. Qh4 b5 20. Ne2 f6 21. Bh6
Bxh6 22. Qxh6 a5 23. e4 Ne7 24. Qe3 axb4 25. axb4 Qd6 26. Rxa8 Rxa8 27. Qf3 Ra4
28. Qxf6 Rxb4 29. Nf4 Nf5 30. Nxe6 Qe7 31. Qxe7 Nxe7 32. d5 c3 33. d6 Nc6 34.
Kf1 Rc4 35. Nc7 b4 36. Nd5 Kf7 37. d7 Rxe4 38. Nxb4 Rxb4 39. Rxc3 Nd8 40. Rh3
Kg7 41. Rd3 Rb7 42. g4 Kf6 43. f4 Rb4 44. Rf3 Rd4 45. f5 g5 46. Rh3 Rxd7 47.
Rh6+ Ke5 48. Kg2 Kf4 49. h3 Rd2+ 50. Kf1 Kf3 51. Ke1 Rd7 52. Rh5 Kf4 53. Rh6
Nb7 54. Rc6 Nd6 55. f6 Ke5 56. Ke2 Kxf6 57. Kf3 Ke6 58. Ra6 h6 59. Kg3 Ke5 60.
Ra5+ Kd4 61. Ra4+ Nc4 62. h4 Rb7 63. Ra6 Rb6 64. Ra7 Rb3+ 65. Kh2 Ne5 66. hxg5
Nxg4+ 67. Kg1 hxg5 68. Ra4+ Ke5 69. Rxg4 Kf5 70. Ra4 g4 71. Kg2 Kg5 72. Ra8
Rb2+ 73. Kg3 Rb3+ 74. Kg2 1/2-1/2

[Event "I Magistral Femenino Diez Reinas 2010"]
[Site "Buenos Aires ARG"]
[Date "2010.08.23"]
[Round "4.4"]
[White "Maggiolo, Elisa"]
[Black "Amed, Stephanie"]
[Result "1/2-1/2"]
[WhiteElo "2052"]
[BlackElo "2208"]
[PlyCount "32"]
[EventDate "2010.08.19"]
[EventType "tourn"]
[EventRounds "9"]
[EventCountry "ARG"]
[Source "lmi"]
[SourceDate "2010.08.19"]

1. e4 e6 2. Qe2 e5 3. g3 Nc6 4. c3 g6 5. Bg2 Bg7 6. d3 d6 7. Be3 Nf6 8. h3 O-O
9. Nf3 d5 10. Bg5 dxe4 11. dxe4 h6 12. Bxf6 Qxf6 13. O-O Be6 14. Na3 Nb8 15.
Nc4 Nd7 16. Ne3 c6 1/2-1/2

[Event "I Magistral Femenino Diez Reinas 2010"]
[Site "Buenos Aires ARG"]
[Date "2010.08.23"]
[Round "4.5"]
[White "Plazaola, Maria de los Angele"]
[Black "Zuriel, Marisa"]
[Result "1/2-1/2"]
[WhiteElo "2185"]
[BlackElo "2205"]
[PlyCount "62"]
[EventDate "2010.08.19"]
[EventType "tourn"]
[EventRounds "9"]
[EventCountry "ARG"]
[Source "lmi"]
[SourceDate "2010.08.19"]

1. e4 c5 2. c3 d5 3. exd5 Qxd5 4. d4 e6 5. Nf3 Bd7 6. c4 Qd6 7. d5 Nf6 8. Nc3
Na6 9. Bg5 Be7 10. Qd2 O-O-O 11. O-O-O Qb6 12. Ne5 Be8 13. Be2 Bd6 14. f4 h6
15. Bh4 g5 16. Bg3 gxf4 17. Bxf4 Qc7 18. Nd3 exd5 19. cxd5 Nb4 20. Bxd6 Rxd6
21. Nf4 Bc6 22. Bf3 Rhd8 23. Qf2 R6d7 24. Nd3 Nxd3+ 25. Rxd3 Qf4+ 26. Qe3 Qxe3+
27. Rxe3 Bxd5 28. Nxd5 Nxd5 29. Re5 Nb4 30. Rxc5+ Kb8 31. Rb5 Nd3+ 1/2-1/2

[Event "I Magistral Femenino Diez Reinas 2010"]
[Site "Buenos Aires ARG"]
[Date "2010.08.24"]
[Round "5.1"]
[White "Zuriel, Marisa"]
[Black "Carraro, Denise"]
[Result "0-1"]
[WhiteElo "2205"]
[BlackElo "2100"]
[PlyCount "112"]
[EventDate "2010.08.19"]
[EventType "tourn"]
[EventRounds "9"]
[EventCountry "ARG"]
[Source "lmi"]
[SourceDate "2010.08.19"]

1. e4 g6 2. d4 d6 3. Nc3 Bg7 4. Be3 Nd7 5. f4 a6 6. a4 b6 7. Nf3 Bb7 8. Bc4 e6
9. f5 exf5 10. Ng5 Nh6 11. O-O Nf6 12. exf5 d5 13. Bd3 Qd7 14. h3 Nxf5 15. Bxf5
gxf5 16. Nf3 Ne4 17. Ne2 O-O-O 18. a5 b5 19. Nh4 Bf6 20. Nxf5 Rhg8 21. Rf3 Rg6
22. Kh2 Rdg8 23. g3 Kb8 24. Qf1 Bc8 25. Nh6 Re8 26. Ng4 Qc6 27. Nxf6 Rxf6 28.
Bf4 Qxc2 29. Rc1 Qxb2 30. Bxc7+ Kb7 31. Rxf6 Nxf6 32. Be5 Re7 33. Qf3 Ne4 34.
Re1 Qd2 35. Qa3 b4 36. Qc1 Qxc1 37. Nxc1 Ng5 38. Rf1 Bxh3 39. Rf2 Bg4 40. Bf6
Ne4 41. Bxe7 Nxf2 42. Bxb4 Kc6 43. Bc5 Ne4 44. Bb6 Nd6 45. Nd3 Be6 46. Kg2 Nc4
47. Ne5+ Kb5 48. Nxc4 dxc4 49. Kf2 Kb4 50. Ke2 Bd5 51. Kd2 Kb3 52. Kc1 f5 53.
Bc7 h5 54. Bf4 c3 55. Be5 Kb4 56. Bc7 Be4 0-1